Metric planes and metric vector spaces

Shranjeno v:
Bibliografske podrobnosti
Glavni avtor: Lingenberg, Rolf (autor)
Format: Knjiga
Jezik:angleščina
Izdano: Nueva York John Wiley 1979
Serija:Pure and applied mathematics
Teme:
Oznake: Označite
Brez oznak, prvi označite!

MARC

LEADER 00000nam a2200000 a 4500
001 UCW0803
003 CL-VaPUC
008 890809e19790000US |||||||||||||||||eng|d
082 0 4 |a 516.9  |b LIN  |2 21 
100 |a Lingenberg, Rolf  |e autor  |9 304740 
245 1 0 |a Metric planes and metric vector spaces 
300 |a 209 p 
942 |c BK 
945 |d 19890809 00:00:00 
260 |a Nueva York  |b John Wiley  |c 1979 
650 7 |a GEOMETRIA NO EUCLIDIANA  |2 CL-VaPUC  |9 265853 
650 0 |a Geometría plana  |9 265855 
650 0 |a Espacios vectoriales   |9 21 
583 |a last modification  |c 20120420 03:59:38  |k Rodrigo Vera 
490 0 |a Pure and applied mathematics 
999 |c 215859  |d 215857 
952 |0 0  |1 0  |4 0  |6 516_900000000000000_LIN_1979  |7 0  |8 A  |9 200995  |a BIBMAT  |b BIBMAT  |d 2019-11-14  |i 2681358  |o 516.9 LIN 1979  |p 2681358  |r 2025-01-07  |w 2019-11-14  |y BK  |k MAT